000 00569nam a2200205Ia 4500
005 20250923145803.0
008 008 250917s9999 xx 000 0 eng d
037 _aTextual
040 _aDSWL
_beng
_cDSWL
041 _aeng
_2eng
084 _aY31:434.2, N88
_qDSWL
100 _aEtienne, G.
_9838910
245 0 _aFood and poverty: Indias half won Battle
_cby G.Etienne
260 _aNew Delhi
_bSage
_c1987
300 _ax,228p.
365 _aINR
_b175.00
925 _g175.00
942 _cTEXL
_hY31:434.2, N88
999 _c1455696
_d1455696